[Event "Korbach op 8th"]
[Site "Korbach"]
[Date "2016.10.21"]
[Round "2"]
[White "Bunda, Viktor"]
[Black "Grieme, Jens"]
[Result "1-0"]
[WhiteElo "2329"]
[BlackElo "1981"]
[PlyCount "65"]
[EventDate "2016.10.20"]
[EventType "swiss"]
[EventRounds "7"]
[EventCountry "GER"]
[SourceTitle "CBM 175 Extra"]
[Source "ChessBase"]
[SourceDate "2016.12.12"]
[SourceVersion "1"]
[SourceVersionDate "2016.12.12"]
[SourceQuality "1"]

1. d4 d5 2. c4 c6 3. Nf3 Nf6 4. Nc3 dxc4 5. a4 Bf5 6. Ne5 Na6 7. f3 Nd7 8. Nxc4 e5 9. e4 exd4 10. exf5 dxc3 11. Qe2+ Be7 12. Nd6+ Kf8 13. Bf4 cxb2 14. Qxb2 Bf6 15. Qa2 Qe7+ 16. Ne4 Qb4+ 17. Bd2 Qd4 18. Rb1 Nac5 19. Rb4 Qe5 20. Be2 a5 21. Rc4 Nxe4 22. fxe4 Qa1+ 23. Qxa1 Bxa1 24. 0-0 Be5 25. Rb1 b6 26. Rxc6 Bd4+ 27. Kf1 Ke7 28. Bf4 Bc5 29. Rd1 Rac8 30. Bb5 Rxc6 31. Bxc6 Nb8 32. Bb5 Rd8 33. Rxd8 1-0

[Event "Eschborn op"]
[Site "Eschborn"]
[Date "2016.09.04"]
[Round "5"]
[White "Grieme, Jens"]
[Black "Neininger, Ralph"]
[Result "0-1"]
[WhiteElo "1913"]
[BlackElo "2128"]
[PlyCount "72"]
[EventDate "2016.09.02"]
[EventType "swiss"]
[EventRounds "5"]
[EventCountry "GER"]
[SourceTitle "EXT 2018"]
[Source "ChessBase"]
[SourceDate "2017.10.13"]
[SourceVersion "1"]
[SourceVersionDate "2017.10.13"]
[SourceQuality "1"]

1. e4 e6 2. d4 d5 3. Nd2 Nf6 4. e5 Nfd7 5. f4 c5 6. c3 Nc6 7. Ndf3 Qa5 8. Kf2 b5 9. g3 b4 10. Bd2 Qb6 11. Be3 Ba6 12. Bxa6 Qxa6 13. Ne2 Be7 14. g4 f6 15. Ng3 bxc3 16. bxc3 0-0 17. Kg2 fxe5 18. Nxe5 Ncxe5 19. fxe5 Rab8 20. Rf1 Rb2+ 21. Kh3 cxd4 22. Bxd4 Rxf1 23. Qxf1 Qa4 24. Qd3 Nc5 25. Bxc5 Bxc5 26. Nh5 Qc2 27. Qxc2 Rxc2 28. Rf1 Rxc3+ 29. Kg2 Rc2+ 30. Kh3 Bd4 31. Re1 Rxa2 32. Nf4 Ra3+ 33. Kg2 Kf7 34. Rf1 Ke7 35. Nh5 Bxe5 36. Re1 Kd6 0-1

[Event "Bremen-ch op"]
[Site "Bremen"]
[Date "2016.03.22"]
[Round "5"]
[White "Grieme, Jens"]
[Black "Webner, Dennis"]
[Result "1/2-1/2"]
[WhiteElo "1921"]
[BlackElo "2067"]
[PlyCount "80"]
[EventDate "2016.03.19"]
[EventType "swiss"]
[EventRounds "9"]
[EventCountry "GER"]
[SourceTitle "EXT 2018"]
[Source "ChessBase"]
[SourceDate "2017.10.13"]
[SourceVersion "1"]
[SourceVersionDate "2017.10.13"]
[SourceQuality "1"]

1. e4 e6 2. d4 d5 3. Nd2 Nf6 4. e5 Nfd7 5. f4 c5 6. c3 Nc6 7. Ndf3 cxd4 8. cxd4 a5 9. Bd3 Nb6 10. Ne2 Bd7 11. 0-0 g6 12. Nc3 a4 13. a3 Na5 14. Rb1 Be7 15. Qe2 Nbc4 16. Nd2 b5 17. Na2 Qb6 18. Nf3 Nb3 19. Be3 Nxe3 20. Qxe3 Nxd4 21. Nxd4 Bc5 22. Kh1 Bxd4 23. Qe2 Rc8 24. Rbc1 0-0 25. h4 Rxc1 26. Nxc1 Rc8 27. Qg4 Qc5 28. h5 Qf8 29. Ne2 Bxb2 30. Rf3 Qg7 31. Rh3 Bxa3 32. hxg6 fxg6 33. Bxb5 Bf8 34. Bxa4 h5 35. Bxd7 hxg4 36. Bxe6+ Qf7 37. Bxf7+ Kxf7 38. Rd3 Bc5 39. g3 Ke6 40. Nd4+ Bxd4 1/2-1/2

[Event "Bremen-ch op"]
[Site "Bremen"]
[Date "2016.03.20"]
[Round "3"]
[White "Pautz, Peter"]
[Black "Grieme, Jens"]
[Result "1/2-1/2"]
[WhiteElo "2066"]
[BlackElo "1921"]
[PlyCount "67"]
[EventDate "2016.03.19"]
[EventType "swiss"]
[EventRounds "9"]
[EventCountry "GER"]
[SourceTitle "EXT 2018"]
[Source "ChessBase"]
[SourceDate "2017.10.13"]
[SourceVersion "1"]
[SourceVersionDate "2017.10.13"]
[SourceQuality "1"]

1. d4 d5 2. Nf3 Nf6 3. c4 c6 4. cxd5 cxd5 5. Nc3 Nc6 6. g3 h6 7. Bg2 Bf5 8. 0-0 a6 9. Ne5 e6 10. Nxc6 bxc6 11. b3 Bd6 12. Bb2 c5 13. dxc5 Bxc5 14. Rc1 Be7 15. Qd4 0-0 16. Rfd1 Rc8 17. Na4 Rxc1 18. Rxc1 Qb8 19. Qc3 Qa7 20. Qc7 Ra8 21. Nb6 Qxc7 22. Rxc7 Rb8 23. Rxe7 Rxb6 24. Bxf6 gxf6 25. Ra7 Bb1 26. a3 Rxb3 27. Rxa6 Rb2 28. Bf1 Ba2 29. Kg2 Bc4 30. Ra8+ Kg7 31. e3 Rb1 32. Bxc4 dxc4 33. Rc8 Ra1 34. Rxc4 1/2-1/2

[Event "Forchheim op-B 14th"]
[Site "Forchheim"]
[Date "2015.10.02"]
[Round "1"]
[White "Waertsch, Michael"]
[Black "Grieme, Jens"]
[Result "1/2-1/2"]
[WhiteElo "1866"]
[BlackElo "1875"]
[PlyCount "82"]
[EventDate "2015.10.02"]
[EventType "swiss"]
[EventRounds "5"]
[EventCountry "GER"]
[SourceTitle "EXT 2019"]
[Source "ChessBase"]
[SourceDate "2018.10.10"]
[SourceVersion "1"]
[SourceVersionDate "2018.10.10"]
[SourceQuality "1"]

1. e4 c6 2. d4 d5 3. exd5 cxd5 4. Bd3 Nc6 5. c3 Qc7 6. Bg5 e5 7. dxe5 Qxe5+ 8. Qe2 Bc5 9. Nd2 Nge7 10. Qxe5 Nxe5 11. Bb5+ N7c6 12. Ngf3 0-0 13. Nxe5 Nxe5 14. 0-0 a6 15. Be2 Bf5 16. Rad1 Bc2 17. Rc1 Bd3 18. Bxd3 Nxd3 19. Rc2 Rfe8 20. Nb3 Bb6 21. Rd2 Nxf2 22. Rdxf2 Bxf2+ 23. Kxf2 Re5 24. Bd2 Rae8 25. Nd4 f6 26. Re1 Kf7 27. Nf3 Rxe1 28. Nxe1 Ke6 29. Be3 g6 30. Nd3 Kd6 31. a4 a5 32. Bb6 Ra8 33. Kf3 Kc6 34. Bd4 b5 35. axb5+ Kxb5 36. b3 Kc6 37. g4 Rb8 38. Nc1 Rf8 39. Nd3 Rb8 40. Nc1 Rf8 41. Nd3 Rb8 1/2-1/2